000 01469nam a2200217Ia 4500
003 Ost
005 20260507075656.0
008 260507s9999||||xx |||||||||||||| ||und||
040 _cfsecg
041 _aara
082 _a346.07
100 _aأبو صالح، سامي عبد الباقي
_eمؤلف
245 0 _aقانون الأعمال :
_bمقدمة -النظرية العامة للشركات شركات الأشخاص /
_c سامي عبد الباقي أبو صالح
250 _aطبعة 3
260 _aالقاهرة:
_bدار النهضة العربية,
_c2003
300 _a284 صفحة؛
_bإيضاحات ؛
_c24 سم
520 _aالنظرية العامة للشركة، الشركة كعقد، الأركان الموضوعية العامة لعقد الشركة، الركن الثالث، الأركان الموضوعية الخاصة لعقد الشركة، الأركان التشكيلية لعقد الشركة، آثار تخلف أو تغييب أراكن عقد الشركة، الشركة كشخص معنوي، بدء الشحصية المعنوية للشركة ونهايتها، نتائج اكتساب الشركة للشخصية المعنوية، أسباب انقضاء الشركة، آثار انقضاء الشركة، شركات الأشخاص، شركة التضامن، شركة التوصية البسيطة، شركة المحاصلة.
653 _aالسندات
653 _aالشركات
942 _cكتاب
999 _c45708
_d45708